000 00477nam a2200193Ia 4500
005 20240823021845.0
008 240823s9999||||xx |||||||||||||| ||und||
020 _a81-309-0653-8
041 _aENGLISH
082 _A823.33 P7-8 P7
100 _a"Bloom,Harold Ed."
245 0 _aWilliam Shakespeare s A Midsumer Night s Dream
250 _a1st
260 _c2007
_b"Viva,New "
_aNew Delhi
500 _aYES
650 _aNovel
_bEnglish
942 _cBK
999 _c177880
_d177880